| 000 | 00434nam a22001817a 4500 | ||
|---|---|---|---|
| 003 | NUST - PNEC | ||
| 005 | 20170116180912.0 | ||
| 008 | 150903b xxu||||| |||| 00| 0 eng d | ||
| 020 | _a- | ||
| 040 | _cLIBRARY | ||
| 082 | _a620.112 RYD | ||
| 100 |
_97094 _aRyder, G. H. |
||
| 245 |
_aStrength of Material _cG. H. Ryder |
||
| 250 | _a3rd ed. | ||
| 260 | _cc.1965 | ||
| 650 |
_97096 _aMechanical engineering _xME |
||
| 942 |
_2ddc _cBK |
||
| 999 |
_c65291 _d65291 |
||